| 000 | 00619nam a2200181Ia 4500 | ||
|---|---|---|---|
| 005 | 20260429112243.0 | ||
| 008 | 260429s9999||||xx |||||||||||||| ||und|| | ||
| 020 | _a9788178542010 | ||
| 041 | _aHindi | ||
| 082 |
_a292.592 _bSHA |
||
| 100 | _aशंकर, उमा | ||
| 245 | 0 |
_aराजस्थान के मंदिरों का वास्तुशास्त्रीय अध्ययन / _cउमा शंकर |
|
| 250 | _a1st ed. | ||
| 260 |
_aदिल्ली : _bईस्टर्न बुक लिंकर, _c2011. |
||
| 300 | _a232 p.; Hb | ||
| 650 | _aReligion | ||
| 942 | _cTB | ||
| 999 |
_c53139 _d53139 |
||